Geographically Eastern Europe - Statistics

General Stats
  • This quiz has been taken 1,206 times
    305 since last reset
  • The average score is 22 of 23
Answers on the Map
Answers color-coded by a green-red scale on the quiz's map according to % correct below.
 
Answer Stats
Country % Correct
Russia
98%
Ukraine
98%
Poland
97%
Belarus
96%
Estonia
96%
Lithuania
96%
Romania
96%
Serbia
96%
Albania
95%
Bulgaria
95%
Greece
95%
Hungary
95%
Latvia
95%
Moldova
95%
Bosnia and Herzegovina
94%
Croatia
94%
Czech Republic
94%
Kosovo
94%
Montenegro
94%
North Macedonia
94%
Slovakia
94%
Slovenia
94%
Finland
93%
No matching quizzes found
Score Distribution
Percent of People with Each Score
Percentile by Number Answered
Your Score History
You have not taken this quiz since the last reset